Statistics for Top 20 baby boy names Turkey (2016)

Click here to take the quiz!

General Stats

  • This quiz has been taken 341 times
  • The average score is 5 of 20

Answer Stats

RankName% Correct
3Ali
75%
18Ahmet
66%
19Mustafa
50%
4Berk
41%
5Emre
36%
20Burak
33%
1Arda
31%
16Kaan
28%
6Eren
24%
14Alp
23%
11Berke
21%
9Enes
16%
12Batuhan
12%
7Samet
8%
2Kayra
5%
17Han
4%
8Ece
3%
10Beren
2%
13Bahan
1%
15Soy
1%

Score Distribution

Percentile by Number Answered

Percent of People with Each Score

Your Score History

You have not taken this quiz